• 首页
  • 本馆介绍
  • 公告通知
  • 最新文献
  • 馆藏检索
  • 电子资源
  • 读者导购
  • 参考咨询
  • 我的图书馆
  • 登录
  • 详细信息显示
  • 放入我的书架
  • 预约/预借图书
  • 作者相关作品
  • 分类相关作品
  • 丛书相关作品
  • 出版社相关作品

书目信息

  • 表格格式
  • 工作单格式
  • 卡片格式
题名:
国际数学课程视野下的学生几何素养研究
    
 
作者: 苏洪雨, 著
分册:  
出版信息: 长春   东北师范大学出版社  2015
页数: 263页
开本: 24cm
丛书名:
单 册:
中图分类: G633.632
科图分类:
主题词: 中学数学课--zhong xue shu xue--几何课--教学研究
电子资源:
ISBN: 978-7-5681-0871-3
000 00960nam0 2200253 450
001 012001003329
005 20131025162849.0
010    @a978-7-5681-0871-3@dCNY52.00
099    @aCAL 012016010736
100    @a20151126d2015 em y0chiy50 ea
101 0  @achi@deng
102    @aCN@b220000
105    @aak a 000yy
106    @ar
200 1  @a国际数学课程视野下的学生几何素养研究@Aguo ji shu xue ke cheng shi ye xia de xue sheng ji he su yang yan jiu@f苏洪雨著
210    @a长春@c东北师范大学出版社@d2015
215    @a263页@c图@d24cm
320    @a有书目 (第250-260页)
330    @a本书分为引言、文献综述、研究方法、关于学生几何素养内涵的调查与分析、几何素养评价的指标和模型设计、中学生几何素养的评价分析、基于项目活动的学生几何素养研究等8章。
606 0  @a中学数学课@Azhong xue shu xue@x几何课@x教学研究
690    @aG633.632@v5
701  0 @a苏洪雨,@Asu hong yu@f1977-@4著
801  2 @aCN@b江苏凤凰@c20191020
905    @b1226592-5@dG633.632@e751@f4
    
    国际数学课程视野下的学生几何素养研究/苏洪雨著.-长春:东北师范大学出版社,2015
    263页:图;24cm
    
    
    ISBN 978-7-5681-0871-3:CNY52.00
    本书分为引言、文献综述、研究方法、关于学生几何素养内涵的调查与分析、几何素养评价的指标和模型设计、中学生几何素养的评价分析、基于项目活动的学生几何素养研究等8章。
●
相关链接 在E读中查询图书 在五车中查询图书 在当当中查询图书 在豆瓣中查询图书


正题名:国际数学课程视野下的学生几何素养研究     索取号:G633.632/751         预约/预借

序号 登录号 条形码 馆藏地/架位号 状态 备注
1 1226592   212265920   第一样本阅览室/ [索取号:G633.632/751] 在馆    
2 1226593   212265939   教育系资料室/ [索取号:G633.632/751] 在馆    
3 1226594   212265948   教育系资料室/ [索取号:G633.632/751] 在馆    
4 1226595   212265957   第四借阅区/ [索取号:G633.632/751] 在馆    
欢迎您!
大连网信软件有限公司© 版权所有